000 00516nam a2200181Ia 4500
001 7702
005 20260306160514.0
008 260306t2016||||xx |||||||||||||| ||spa||
041 _aESP
082 _a354.328
_bO65U
100 _aOrganismo de Evaluación y Fiscalización Ambiental
_eAUT
245 0 _aTres años del nuevo enfoque de la fiscalización ambiental, octubre 2012 - octubre 2015
260 _c2016
300 _a83 páginas :
_c25 cm.
650 _aGEN
654 _aCIA
942 _cLIB
_dJUS
_fJUS
_2ddc
_n
999 _c7702
_d7702